| 000 | 01132nac a22002651u 4500 | ||
|---|---|---|---|
| 010 | _a 2002004004 | ||
| 020 | _a0471149993 | ||
| 020 | _a8126503149 | ||
| 082 | 0 | 0 |
_a006.3 _bS721 |
| 090 |
_c411 _d411 |
||
| 100 | _aSoukup, Tom, | ||
| 245 | 1 | 0 |
_aVisual data mining : _btechniques and tools for data visualization and mining / _cTom Soukup, Ian Davidson. |
| 260 |
_aNew York : _bWiley Publ., _cc2002. |
||
| 300 |
_axxxi, 382 p. : _bill., maps ; _c24 cm. |
||
| 500 | _a"Wiley Computer Publishing." | ||
| 650 | 0 | _aData mining. | |
| 650 | 0 | _aDatabase searching. | |
| 650 | 0 | _aInformation visualization. | |
| 700 | 1 |
_aDavidson, Ian, _d1971- |
|
| 856 | 4 | 2 |
_3Contributor biographical information _uhttp://www.loc.gov/catdir/bios/wiley043/2002004004.html |
| 856 | 4 | 2 |
_3Publisher description _uhttp://www.loc.gov/catdir/description/wiley036/2002004004.html |
| 856 | 4 | 2 |
_3Table of contents _uhttp://www.loc.gov/catdir/toc/wiley022/2002004004.html |
| 942 |
_cBB _k006.3S721 |
||
| 999 |
_c411 _d411 |
||